| 000 | 00439cam a2200181ua 4500 | ||
|---|---|---|---|
| 020 | _c6.00 | ||
| 041 |
_ahin _h |
||
| 082 |
_a891.43 _bMIC/ME |
||
| 100 | _aMichel Madhusoodhan, Dath . | ||
| 245 |
_aMeghnath Vadh / _cMichel Madhusudhandath. _hTextual Documents |
||
| 250 |
_a3 / _b. |
||
| 260 |
_aJansi : _bSahitya sadan , _c1966. |
||
| 300 | _a424 ; . | ||
| 365 | _a6.00 | ||
| 504 | _a | ||
| 942 | _cBK | ||
| 999 |
_c12743 _d12743 |
||